00577nam a22001697a 450000500170000001000150001702000260003203500140005803700130007208200150008510000160010024501240011626000370024027000810027730000320035870000170039020220729163746.0 aENG-134103 a9789385502422c300.00 aEN-117635 bDBAB/PUB a305.095458 aGondi, M.P. aAugmenting Income and Women Empowerment:bThrough Agri-based Self Help Groups in Meghalaya/cM.P. Gondi and S.M. Feroze aNew DelhibRenu Publishersc2018 a90, Sainik Vihar, Mohan GardenbNew Delhi e110059mrenupublishers@gmail.com a86p.bAppendicesc21cm(pbk) aFeroze, S.M.